g-idle songs (updated) - Statistics

General Stats
  • This quiz has been taken 254 times
  • The average score is 19 of 40
Answer Stats
Hint Answer % Correct
I am $$$
100%
I love Nxde
85%
I NEVER DIE TOMBOY
85%
HANN (Alone) HANN (Alone)
84%
I burn HANN (Alone in winter)
84%
DUMDi DUMDi DUMDi DUMDi
80%
Uh-Oh Uh-Oh
80%
I trust Oh my god
77%
I am LATATA
76%
I burn HWAA
71%
I trust LION
68%
I made Senorita
66%
I NEVER DIE MY BAG
65%
Last Dance Last Dance
57%
I love LOVE
45%
I burn DAHLIA
43%
I burn MOON
43%
I love Change
41%
I NEVER DIE VILLAIN DIES
41%
I am MAZE
39%
I love DARK (X-file)
37%
I trust Maybe
37%
I trust Luv U
36%
I love Sculpture
34%
I am What's in your house?
34%
I NEVER DIE ESCAPE
32%
I NEVER DIE LIAR
32%
I burn LOST
32%
I burn Where is love
32%
DUMDi DUMDi i'M THE TREND
31%
I NEVER DIE Never Stop Me
31%
I NEVER DIE POLAROID
31%
I made What's Your Name
31%
I made Put It Straight
30%
I NEVER DIE ALREADY
29%
I made Blow Your Mind
29%
I am DON'T TEXT ME
28%
I am Hear me
28%
I made Give Me Your
27%
I love Reset
25%
No matching quizzes found
Score Distribution
Percent of People with Each Score
Percentile by Number Answered
Your Score History
You have not taken this quiz